000 00431nam a2200145Ia 4500
008 231217s9999 xx 000 0 und d
041 _aEnglish
082 _a621.31 KIA;1 R
100 _aKiameh, Philip
245 0 _aPower generation handbook : selection, applications, operation, and maintenance
260 _c2003
_bMcGraw-Hill,
_aNew York
300 _axvii+I-18
650 _aConcurrent,programming,windows
942 _cAA
999 _c173077
_d173077